01343cam a22002775a 4500999001700000005001700017008004100034020001800075020001500093040005000108082001900158100001900177245007300196250003100269260006600300300003400366500007100400504005100471520029700522650002300819650002600842651001000868653002400878942000800902952015500910 c27322d2729320190404115350.0111129t2013 at a frb 001 0 eng d a9781133309154 a1133309151 aStDuBDSbengcStDuBDSdUkdEG-ScBUEdEG-ScBUE04a158.3bCOR2221 aCorey, Gerald.10aTheory and practice of counseling and psychotherapy /cGerald Corey. a9th ed., International ed. a[Belmont, Calif.] :bBrooks/Cole / Cengage Learning,cc.2013. axix, 534 p. :bill. ;c26 cm. aPrevious ed.: Belmont, Calif.: Brooks/Cole Cengage Learning, 2009. aIncludes bibliographical references and index. aIncorporating the thinking, feeling, and behaving dimensions of human experience, this text helps students compare and contrast the therapeutic models expressed in counseling theories. Corey introduces students to the major theories and demonstrates how each can be applied to a single case.  7aCounseling.2BUEsh 7aPsychotherapy.2BUEsh 2BUEsh bHHUUPPSScMarch2019 2ddc 00102ddc40708AlahramaMAINbMAINcLOWd2019-03-30ePurchaseg210.00h525l3m27o158.3 CORp000043296r2025-07-15 00:00:00s2022-11-15v262.50yBB